000 00651nam a2200229Ia 4500
003 OSt
005 20220928115123.0
006 a|||||r|||| 00| 0
007 ta
008 220927b |||||||| |||| 00| 0 eng d
024 _a32977
037 _cTextual
040 _aSDCL
_cSDCL
_beng
041 _2eng
_aeng
082 _aV2:19'N1<M8, L9
100 _aPrasad Bisheshwar
_9376151
245 0 _aFoundations of India's foreign policy
_b Imperial era,1882-1914
260 _aCalcutta
_bNaya Prokash
_c1979
300 _ax,596p
_ccm.
942 _hV2:19'N1<M8, L9
_cTEXL
_2CC
999 _c758284
_d758284